ِAccess VBA كتاب المبرمج (2) / (رقم التسجيلة. 19240)

تفاصيل مارك
000 -الفاتح
حقل البيانات ثابتة الطول 00815nam a22002057a 4500
003 - محدد رقم الضبط
رقم الضبط OSt
005 - وقت وتاريخ اخر تعامل مع التسجيلة
رقم الضبط 20150408113954.0
008 - عناصر البيانات ثابتة الطول - معلومات عامة
حقل البيانات ثابتة الطول 111204s sy a g |||| 00| 0 ara d
040 ## - مصدر الفهرسة
وكالة النسخ MU
082 ## - رقم تصنيف ديوى العشرى
رقم الطبعة 21
رقم التصنيف 005.74
رقم المادة هـ ت ك
100 ## - المدخل الرئيسى - إسم شخصى
الإسم الشخصى هينغ، تريزا.
9 (RLIN) 7219
245 ## - بيان العنوان
العنوان ِAccess VBA كتاب المبرمج (2) /
بيان المسئوليه,etc تريزا هينغ ؛ ترجمة وإعداد أناستاسيا محمد أكرم الكحالة.
250 ## - بيان الطبعة
بيان الطبعة ط. 1.
260 ## - PUBLICATION, DISTRIBUTION, ETC. (IMPRINT)
مكان الناشر او الموزع حلب، سوريا :
اسم الناشر او الموزع شعاع للنشر والعلوم،
تاريخ النشر أو التوزيع 2010.
300 ## - الوصف المادى
التعداد 672 ص. :
تفاصيل ماديه اخرى للوعاء ايض. ؛
أبعاد الوعاء 24 سم.
650 ## - المدخل الاضافى بالموضوع-مصطلح موضوعى
مصطلح موضوعي أو اسم جغرافي كعنصر مدخل مايكروسوفت أكسس.
9 (RLIN) 6717
650 ## - المدخل الاضافى بالموضوع-مصطلح موضوعى
مصطلح موضوعي أو اسم جغرافي كعنصر مدخل الحاسبات الإلكترونية
التقسيم الفرعي العام برمجة.
9 (RLIN) 3284
700 ## - المدخل الاضافى - اسم شخصى
الإسم الشخصى الكحالة، أناستاسيا محمد أكرم،
الدور مترجم.
9 (RLIN) 7218
942 ## - عناصر المدخل الإضافي( كوها)
مصدر التصنيف او مخطط الترفيف Dewey Decimal Classification
Koha [default] item type DVD
المقتنيات
حالة الفقد نموذج السعر الفعال حالة تلف ليس للاعارة رقم الطلب رقم النسخة تاريخ الاكتساب الموقع الحالي الباركود الفرع الرئيسي Date last seen نوع المادة فى نظام كوها مصدر التصنيف او خطة الترفيف Total Checkouts
  2013-03-10     005.74 هـ ت ك ن 1 2011-12-04 قسم الاجراءات الفنية (IC) 00101069 قسم الاجراءات الفنية (IC) 2013-03-10 كتاب Dewey Decimal Classification  
  2013-03-10     005.74 هـ ت ك ن 2 2011-12-04 قسم الاجراءات الفنية (IC) 00101070 قسم الاجراءات الفنية (IC) 2013-03-10 كتاب Dewey Decimal Classification  
  2013-03-10     005.74 هـ ت ك ن 3 2011-12-04 قسم الاجراءات الفنية (IC) 00101071 قسم الاجراءات الفنية (IC) 2013-03-10 كتاب Dewey Decimal Classification